000 00302nam a22001337a 4500
008 210322b ||||| |||| 00| 0 eng d
041 _aeng
080 _a004
082 _a004
100 _a28
101 _aSHKI
245 _aMicrosoft QuickC Compiler C for Yourself
_cOlivetti. C
942 _2udc
_cBK
999 _c56623
_d56623